[Event "World Junior Chess Championship U18 g"]
[Site "Gaziantep"]
[Date "2008.08.04"]
[Round "3.22"]
[White "Nakhbayeva, Guliskhan"]
[Black "Wiid, Daleen"]
[Result "1-0"]
[WhiteElo "2170"]
[BlackElo "1931"]
[PlyCount "49"]
[EventDate "2008.08.??"]
[EventType "swiss"]
[EventRounds "13"]
[EventCountry "TUR"]

1. d4 d5 2. c4 e6 3. Nc3 Nf6 4. Bg5 Be7 5. e3 O-O 6. Nf3 b6 7. cxd5 exd5 8. Bd3
Be6 9. O-O h6 10. Bh4 c5 11. Ne5 c4 12. Be2 Qc7 13. f4 Ne4 14. Bxe7 Nxc3 15.
bxc3 Qxe7 16. e4 dxe4 17. f5 Bd5 18. f6 gxf6 19. Ng4 Nd7 20. Nxh6+ Kh7 21. Nf5
Qe6 22. Bxc4 Rh8 23. Qh5+ Kg8 24. Qg4+ Kf8 25. Qg7+ 1-0

[Event "World Junior Chess Championship U18 g"]
[Site "Gaziantep"]
[Date "2008.08.04"]
[Round "3.23"]
[White "Alavi, Hour Homa"]
[Black "Sgircea, Silvia-Raluca"]
[Result "1-0"]
[WhiteElo "1723"]
[BlackElo "2167"]
[PlyCount "83"]
[EventDate "2008.08.??"]
[EventType "swiss"]
[EventRounds "13"]
[EventCountry "TUR"]

1. d4 d5 2. Nf3 Nf6 3. Bf4 g6 4. e3 Bg7 5. Nbd2 O-O 6. h3 c5 7. c3 b6 8. Be2
Nc6 9. O-O Nd7 10. Qb3 Bb7 11. Rad1 e5 12. dxe5 Ndxe5 13. Nxe5 Nxe5 14. Nf3 Qe7
15. Nxe5 Bxe5 16. Bxe5 Qxe5 17. Bf3 Rad8 18. Qa4 Qc7 19. Rd2 Rd6 20. Rfd1 Rfd8
21. Qf4 Qe7 22. c4 Rf6 23. Qg5 h6 24. Qxh6 Rxf3 25. gxf3 d4 26. Qf4 Kg7 27.
exd4 Rh8 28. Kg2 Rh5 29. d5 Rf5 30. Qe4 Re5 31. Qf4 Rf5 32. Qe3 Re5 33. Qc3
Qg5+ 34. Kf1 Bc8 35. f4 Qxf4 36. Re2 f6 37. Rxe5 Qxe5 38. Qxe5 Bxh3+ 39. Ke2
fxe5 40. Ke3 Bf5 41. d6 Bd7 42. Ke4 1-0

[Event "World Junior Chess Championship U18 g"]
[Site "Gaziantep"]
[Date "2008.08.04"]
[Round "3.24"]
[White "Bodnaruk, Anastasia"]
[Black "Anton, Sarah"]
[Result "1-0"]
[WhiteElo "2394"]
[BlackElo "1681"]
[PlyCount "44"]
[EventDate "2008.08.??"]
[EventType "swiss"]
[EventRounds "13"]
[EventCountry "TUR"]

1. e4 c5 2. Nc3 d6 3. Nge2 Nf6 4. g3 g6 5. Bg2 Bg7 6. O-O O-O 7. d3 Nc6 8. h3
Bd7 9. Be3 a6 10. f4 Rb8 11. Qd2 b5 12. g4 b4 13. Nd1 h6 14. Ng3 e5 15. fxe5
Nxe5 16. Bxh6 Be6 17. Bg5 Ned7 18. Nf5 Bxf5 19. exf5 Qc7 20. Bh6 Nh7 21. Bxg7
Kxg7 22. Ne3 Ndf6 {...} 1-0

[Event "World Junior Chess Championship U18 g"]
[Site "Gaziantep"]
[Date "2008.08.04"]
[Round "3.25"]
[White "Guo, Qi"]
[Black "Davletbazeva, Madina"]
[Result "1-0"]
[WhiteElo "2048"]
[BlackElo "2155"]
[PlyCount "53"]
[EventDate "2008.08.??"]
[EventType "swiss"]
[EventRounds "13"]
[EventCountry "TUR"]

1. d4 Nf6 2. c4 e6 3. Nf3 b6 4. g3 Bb7 5. Bg2 Bb4+ 6. Bd2 Bxd2+ 7. Qxd2 O-O 8.
Nc3 c5 9. d5 exd5 10. cxd5 d6 11. O-O a6 12. a4 Re8 13. Nh4 Nbd7 14. e4 Nf8 15.
f4 Qd7 16. Rac1 Rad8 17. Nf5 Ba8 18. Qd3 g6 19. Ne3 Bb7 20. e5 dxe5 21. fxe5
Nh5 22. g4 Ng7 23. Ne4 Qxa4 24. Nf6+ Kh8 25. Nxe8 Nxe8 26. Rxf7 Nd7 27. e6 1-0

[Event "World Junior Chess Championship U18 g"]
[Site "Gaziantep"]
[Date "2008.08.04"]
[Round "3.26"]
[White "Kazimova, Narmin"]
[Black "Garcia, Liria Caetano"]
[Result "1-0"]
[WhiteElo "2148"]
[BlackElo "1792"]
[PlyCount "75"]
[EventDate "2008.08.??"]
[EventType "swiss"]
[EventRounds "13"]
[EventCountry "TUR"]

1. c4 c6 2. Nf3 d5 3. e3 Nf6 4. b3 Bg4 5. Bb2 a6 6. Be2 Nbd7 7. O-O e6 8. d4
Be7 9. Nbd2 O-O 10. Ne5 Bxe2 11. Qxe2 Nxe5 12. dxe5 Nd7 13. e4 Rc8 14. exd5
cxd5 15. Rfd1 Nb6 16. Ne4 Kh8 17. Rac1 Rc6 18. Rd3 Bg5 19. Rc2 Qe7 20. Nd6 f6
21. Ba3 Qc7 22. Nxb7 dxc4 23. Rd1 cxb3 24. Rxc6 Qxc6 25. Bxf8 Qc2 26. Qe1 bxa2
27. Bc5 h6 28. Bd4 Nd5 29. Ba1 Nb4 30. exf6 Bxf6 31. Bxf6 gxf6 32. Na5 Nd3 33.
Qf1 Nxf2 34. Rc1 Qd2 35. Nb3 Qb2 36. Rc8+ Kg7 37. Qxf2 Qxb3 38. Rc1 1-0

[Event "World Junior Chess Championship U18 g"]
[Site "Gaziantep"]
[Date "2008.08.04"]
[Round "3.27"]
[White "Acar, Gizem"]
[Black "Hamrakulova, Yulduz"]
[Result "1/2-1/2"]
[WhiteElo "1931"]
[BlackElo "2145"]
[PlyCount "97"]
[EventDate "2008.08.??"]
[EventType "swiss"]
[EventRounds "13"]
[EventCountry "TUR"]

1. e4 d5 2. exd5 Qxd5 3. d4 Nc6 4. c3 Nf6 5. Nf3 Bg4 6. Be2 O-O-O 7. Qb3 e6 8.
Nbd2 h6 9. h3 Bh5 10. Qxd5 exd5 11. Nf1 Bd6 12. Ne3 Rhe8 13. g4 Bg6 14. O-O Be4
15. Nh4 g5 16. Nhg2 Ne7 17. f3 Bg6 18. Bb5 c6 19. Ba4 Bd3 20. Rf2 Ng6 21. Nf5
Bxf5 22. gxf5 Nf4 23. Bxf4 Bxf4 24. Nxf4 gxf4 25. Rg2 Rg8 26. Re1 Rxg2+ 27.
Kxg2 Re8 28. Rxe8+ Nxe8 29. h4 h5 30. Bc2 Kd7 31. Kf2 Nd6 32. Bd3 b6 33. b4 Ke7
34. Ke2 Kf6 35. Kd2 Ke7 36. Kc2 Kf6 37. Kd2 Nxf5 38. Bxf5 Kxf5 39. a4 Ke6 40.
Kc2 Kd6 41. Kb3 a6 42. Ka3 Kc7 43. Kb3 Kd6 44. Ka3 c5 45. b5 axb5 46. axb5 Kc7
47. Ka4 Kb7 48. Kb3 Kc7 49. Ka4 1/2-1/2

[Event "World Junior Chess Championship U18 g"]
[Site "Gaziantep"]
[Date "2008.08.04"]
[Round "3.28"]
[White "Berke, Ana"]
[Black "Misovic, Sanja"]
[Result "1/2-1/2"]
[WhiteElo "2100"]
[BlackElo "1914"]
[PlyCount "41"]
[EventDate "2008.08.??"]
[EventType "swiss"]
[EventRounds "13"]
[EventCountry "TUR"]

1. e4 c5 2. Nf3 Nc6 3. Bb5 g6 4. O-O Bg7 5. Bxc6 dxc6 6. Nc3 Bg4 7. d3 e6 8. h3
Bxf3 9. Qxf3 Ne7 10. Bg5 O-O 11. Bf6 Bxf6 12. Qxf6 Nc8 13. Qxd8 Rxd8 14. Rad1
Ne7 15. f4 f5 16. Ne2 Kf7 17. g4 h6 18. Kf2 Ng8 19. Kf3 Nf6 20. Kg3 fxe4 21.
dxe4 1/2-1/2

[Event "World Junior Chess Championship U18 g"]
[Site "Gaziantep"]
[Date "2008.08.04"]
[Round "3.30"]
[White "Efroimski, Marsel"]
[Black "Kaya, Sena Nur"]
[Result "1/2-1/2"]
[WhiteElo "2091"]
[BlackElo "1529"]
[PlyCount "48"]
[EventDate "2008.08.??"]
[EventType "swiss"]
[EventRounds "13"]
[EventCountry "TUR"]

1. e4 c5 2. Nf3 Nc6 3. d4 cxd4 4. Nxd4 Nf6 5. Nc3 d6 6. f3 g6 7. Be3 Bg7 8. Qd2
Bd7 9. g4 Rc8 10. h4 Qa5 11. h5 Ne5 12. h6 Bf8 13. O-O-O a6 14. Bg5 Ng8 15. Kb1
f6 16. Be3 g5 17. Nb3 Qd8 18. Nd5 Nxf3 19. Qf2 Bxg4 20. Be2 Ne5 21. Bd4 Be6 22.
Bxe5 Bxd5 23. exd5 fxe5 24. Bh5+ Kd7 1/2-1/2

[Event "World Junior Chess Championship U18 g"]
[Site "Gaziantep"]
[Date "2008.08.05"]
[Round "4.1"]
[White "Muzychuk, Mariya"]
[Black "Harika, Dronavalli"]
[Result "1/2-1/2"]
[WhiteElo "2413"]
[BlackElo "2461"]
[PlyCount "28"]
[EventDate "2008.08.??"]
[EventType "swiss"]
[EventRounds "13"]
[EventCountry "TUR"]

1. e4 c5 2. c4 Nc6 3. Ne2 e5 4. Nbc3 g6 5. g3 Bg7 6. Bg2 Nge7 7. d3 d6 8. O-O
O-O 9. a3 a6 10. Rb1 Rb8 11. b4 cxb4 12. axb4 b5 13. cxb5 axb5 14. Nd5 Nxd5
1/2-1/2

[Event "World Junior Chess Championship U18 g"]
[Site "Gaziantep"]
[Date "2008.08.05"]
[Round "4.2"]
[White "Majdan, Joanna"]
[Black "Abrahamyan, Tatev"]
[Result "0-1"]
[WhiteElo "2323"]
[BlackElo "2277"]
[PlyCount "72"]
[EventDate "2008.08.??"]
[EventType "swiss"]
[EventRounds "13"]
[EventCountry "TUR"]

1. d4 Nf6 2. Nf3 g6 3. c4 Bg7 4. Nc3 O-O 5. Bf4 d5 6. Qb3 c6 7. e3 Qa5 8. Nd2
Ne4 9. Ndxe4 dxe4 10. h4 e5 11. dxe5 Bxe5 12. Bxe5 Qxe5 13. O-O-O Na6 14. Rd4
Nc5 15. Qd1 f5 16. g3 a5 17. Kb1 a4 18. h5 a3 19. hxg6 hxg6 20. Rd8 Ne6 21. Qd6
Qxd6 22. Rxd6 axb2 23. Be2 Kg7 24. Bd1 Ng5 25. Ne2 Nf7 26. Rd2 Ne5 27. Bb3 Be6
28. Nf4 Bf7 29. Rxb2 Rh8 30. Rxh8 Rxh8 31. c5 g5 32. Bxf7 gxf4 33. Be6 Kf6 34.
gxf4 Nd3 35. Bd7 Nxb2 36. Kxb2 Rd8 0-1

[Event "World Junior Chess Championship U18 g"]
[Site "Gaziantep"]
[Date "2008.08.05"]
[Round "4.3"]
[White "Leks, Hanna"]
[Black "Gomes, Mary Ann"]
[Result "0-1"]
[WhiteElo "2198"]
[BlackElo "2316"]
[PlyCount "74"]
[EventDate "2008.08.??"]
[EventType "swiss"]
[EventRounds "13"]
[EventCountry "TUR"]

1. e4 c5 2. Nf3 d6 3. d4 cxd4 4. Nxd4 Nf6 5. f3 e5 6. Nb3 Be6 7. c4 Nbd7 8. Be3
Be7 9. Nc3 Nb6 10. Nd5 Nfxd5 11. cxd5 Bd7 12. Be2 Bh4+ 13. g3 Bg5 14. Bxg5 Qxg5
15. Qd2 Qe7 16. O-O O-O 17. Rac1 Bh3 18. Rfe1 f5 19. Bd3 Qf7 20. Na5 Kh8 21.
Kh1 Rac8 22. Qb4 Qh5 23. Be2 fxe4 24. Qxe4 Qf7 25. Rxc8 Rxc8 26. Rd1 Bf5 27.
Qb4 Rc5 28. Nc4 Nxc4 29. Bxc4 Be4 30. Rf1 Bxd5 31. Bxd5 Qxd5 32. Qh4 h6 33. g4
Qd2 34. Qe7 Kh7 35. Rg1 Rc2 36. Qh4 g5 37. Qh5 Qf4 0-1

[Event "World Junior Chess Championship U18 g"]
[Site "Gaziantep"]
[Date "2008.08.05"]
[Round "4.4"]
[White "Nadig, Kruttika"]
[Black "Dauletova, Gulmira"]
[Result "0-1"]
[WhiteElo "2241"]
[BlackElo "2267"]
[PlyCount "66"]
[EventDate "2008.08.??"]
[EventType "swiss"]
[EventRounds "13"]
[EventCountry "TUR"]

1. e4 c5 2. Nf3 d6 3. d4 cxd4 4. Nxd4 Nf6 5. Nc3 g6 6. Be3 Bg7 7. f3 Nc6 8. Bc4
O-O 9. Bb3 Bd7 10. Qd2 Rc8 11. O-O-O Ne5 12. Kb1 Re8 13. h4 h5 14. Bg5 Rc5 15.
g4 hxg4 16. Bxf6 Bxf6 17. h5 g5 18. Nd5 Rxd5 19. Bxd5 Qb6 20. Bb3 a5 21. a4 Rc8
22. f4 Nc4 23. Bxc4 Rxc4 24. Nb3 gxf4 25. Qxf4 Qb4 26. Rde1 b5 27. h6 bxa4 28.
h7+ Kh8 29. Qh6 Rc8 30. e5 Bg7 31. Qe3 axb3 32. cxb3 Bf5+ 33. Ka2 a4 0-1

[Event "World Junior Chess Championship U18 g"]
[Site "Gaziantep"]
[Date "2008.08.05"]
[Round "4.5"]
[White "Mikadze, Miranda"]
[Black "Isgandarova, Khayala"]
[Result "1/2-1/2"]
[WhiteElo "2258"]
[BlackElo "2207"]
[PlyCount "80"]
[EventDate "2008.08.??"]
[EventType "swiss"]
[EventRounds "13"]
[EventCountry "TUR"]

1. d4 Nf6 2. Nc3 d5 3. Bg5 e6 4. e4 Be7 5. e5 Nfd7 6. Bxe7 Qxe7 7. f4 a6 8. Qd2
c5 9. dxc5 Nc6 10. Na4 Nxc5 11. Nxc5 Qxc5 12. Nf3 Bd7 13. O-O-O Rc8 14. c3 b5
15. Kb1 a5 16. Bd3 Ke7 17. Rhf1 f5 18. exf6+ gxf6 19. g4 b4 20. c4 Nd4 21. Nxd4
Qxd4 22. cxd5 Qxd5 23. f5 e5 24. Qh6 Qg8 25. Ba6 Rd8 26. h3 Qg5 27. Qxg5 fxg5
28. f6+ Kf7 29. Rd5 Be6 30. Rxe5 Rd6 31. Bb5 h6 32. b3 Rc8 33. Ba4 Rd5 34. Re2
Rd6 35. Kb2 Rc3 36. Re5 Rd2+ 37. Kb1 Rcc2 38. Rxa5 Rb2+ 39. Ka1 Rxa2+ 40. Kb1
Rab2+ 1/2-1/2

[Event "World Junior Chess Championship U18 g"]
[Site "Gaziantep"]
[Date "2008.08.05"]
[Round "4.6"]
[White "Muminova, Nafisa"]
[Black "Ozturk, Kubra"]
[Result "1/2-1/2"]
[WhiteElo "2242"]
[BlackElo "2188"]
[PlyCount "59"]
[EventDate "2008.08.??"]
[EventType "swiss"]
[EventRounds "13"]
[EventCountry "TUR"]

1. e4 e5 2. Nf3 Nc6 3. Bb5 a6 4. Ba4 Nf6 5. O-O b5 6. Bb3 Bb7 7. Ng5 d5 8. exd5
Nd4 9. Nc3 Nxb3 10. axb3 Nxd5 11. Qf3 Qxg5 12. Nxd5 O-O-O 13. c4 Bxd5 14. cxd5
e4 15. Qxf7 Qxd5 16. Qxd5 Rxd5 17. Rxa6 Kd7 18. Ra8 Rf5 19. d3 exd3 20. Rd1 Rd5
21. Bd2 Ke6 22. Re1+ Kf7 23. Rc8 Rd7 24. Re3 Bb4 25. Rf3+ Kg6 26. Rg3+ Kf7 27.
Rf3+ Kg6 28. Rg3+ Kf7 29. Rf3+ Kg6 30. Rg3+ 1/2-1/2

[Event "World Junior Chess Championship U18 g"]
[Site "Gaziantep"]
[Date "2008.08.05"]
[Round "4.7"]
[White "Ivakhinova, Inna"]
[Black "Foisor, Sabina-Francesca"]
[Result "1-0"]
[WhiteElo "2248"]
[BlackElo "2337"]
[PlyCount "69"]
[EventDate "2008.08.??"]
[EventType "swiss"]
[EventRounds "13"]
[EventCountry "TUR"]

1. d4 g6 2. c4 Bg7 3. e4 c5 4. d5 d6 5. Nc3 e6 6. Nf3 Ne7 7. h3 exd5 8. exd5
O-O 9. Bd3 Nd7 10. O-O Ne5 11. Nxe5 Bxe5 12. Bg5 Bg7 13. Re1 f6 14. Bf4 g5 15.
Qh5 h6 16. Bg3 f5 17. f4 Rf6 18. fxg5 hxg5 19. Qxg5 Rg6 20. Qf4 Bh6 21. Qf3 Qf8
22. Nb5 f4 23. Bxg6 Nxg6 24. Nc7 Ne5 25. Rxe5 dxe5 26. Nxa8 Bf5 27. Bf2 Qxa8
28. Bxc5 Qc8 29. Bd6 Qe8 30. Re1 e4 31. Bxf4 Qg6 32. Qg3 Bxf4 33. Qxf4 Bxh3 34.
Qxe4 Bf5 35. Qe8+ 1-0

[Event "World Junior Chess Championship U18 g"]
[Site "Gaziantep"]
[Date "2008.08.05"]
[Round "4.8"]
[White "Severiukhina, Zoja"]
[Black "Nikolova, Adriana"]
[Result "0-1"]
[WhiteElo "2300"]
[BlackElo "2242"]
[PlyCount "118"]
[EventDate "2008.08.??"]
[EventType "swiss"]
[EventRounds "13"]
[EventCountry "TUR"]

1. e4 c5 2. Nf3 d6 3. d4 cxd4 4. Nxd4 Nf6 5. Nc3 a6 6. f3 e5 7. Nb3 Be6 8. Be3
Be7 9. Qd2 O-O 10. O-O-O Nbd7 11. g4 b5 12. g5 b4 13. Ne2 Ne8 14. Ng3 a5 15.
Kb1 a4 16. Nc1 Ra5 17. h4 d5 18. f4 exf4 19. Bxf4 dxe4 20. Bh3 Rd5 21. Qxd5
Bxd5 22. Rxd5 Bd6 23. Bxd6 Nb6 24. Rd4 Nxd6 25. Nf5 Nbc4 26. Nxd6 Nxd6 27. Rhd1
Qb6 28. Rxd6 Qf2 29. R6d4 a3 30. Rxe4 Qf3 31. Rdd4 axb2 32. Nd3 Qxh3 33. Kxb2
Qh2 34. Rxb4 g6 35. a4 Ra8 36. Kb3 Qg1 37. Rec4 Qb1+ 38. Nb2 Kg7 39. Rb7 Re8
40. Rc3 Qe1 41. Rb4 Ra8 42. Rcc4 h6 43. Rb5 Re8 44. Nd3 Qb1+ 45. Ka3 Qa1+ 46.
Kb4 Qa2 47. a5 Re2 48. Rbc5 Qb1+ 49. Ka4 Re8 50. Nb4 Rb8 51. Ka3 Qa1+ 52. Kb3
Rb7 53. Re4 hxg5 54. hxg5 Rb8 55. Kc4 Qf1+ 56. Nd3 Qg2 57. Kd4 Rd8+ 58. Ke3
Qg1+ 59. Nf2 Rd2 0-1

[Event "World Junior Chess Championship U18 g"]
[Site "Gaziantep"]
[Date "2008.08.05"]
[Round "4.9"]
[White "Gasik, Anna"]
[Black "Hoolt, Sarah"]
[Result "0-1"]
[WhiteElo "2211"]
[BlackElo "2298"]
[PlyCount "78"]
[EventDate "2008.08.??"]
[EventType "swiss"]
[EventRounds "13"]
[EventCountry "TUR"]

1. e4 c5 2. Nf3 Nc6 3. d4 cxd4 4. Nxd4 e6 5. Nc3 Qc7 6. Be2 a6 7. O-O Nf6 8.
Be3 Be7 9. Kh1 d6 10. f4 O-O 11. Bf3 Rb8 12. Qe2 Re8 13. Rae1 Bd7 14. g4 Nxd4
15. Bxd4 e5 16. Ba7 Ra8 17. g5 Rxa7 18. gxf6 Bxf6 19. Nd5 Qd8 20. Nxf6+ Qxf6
21. fxe5 Qxe5 22. Bh5 Be6 23. Qf2 b6 24. Qxb6 Raa8 25. Bf3 Rab8 26. Qxa6 Rxb2
27. Rf2 Rxa2 28. Qd3 g6 29. Rd1 Qc5 30. Kg2 Qg5+ 31. Kh1 Rd8 32. Qd4 Rc8 33.
Rdd2 Qe5 34. Qd3 Rc3 35. Qf1 Rxf3 36. Rxf3 Ra1 37. Qxa1 Qxa1+ 38. Kg2 Qe5 39.
h3 Qg5+ 0-1

[Event "World Junior Chess Championship U18 g"]
[Site "Gaziantep"]
[Date "2008.08.05"]
[Round "4.10"]
[White "Soumya, Swaminathan"]
[Black "Nakhbayeva, Guliskhan"]
[Result "0-1"]
[WhiteElo "2293"]
[BlackElo "2170"]
[PlyCount "78"]
[EventDate "2008.08.??"]
[EventType "swiss"]
[EventRounds "13"]
[EventCountry "TUR"]

1. e4 c5 2. Nf3 Nc6 3. d4 cxd4 4. Nxd4 Nf6 5. Nc3 e5 6. Ndb5 d6 7. Bg5 a6 8.
Na3 b5 9. Nd5 Be7 10. Bxf6 Bxf6 11. c3 Bg5 12. Nc2 O-O 13. a4 bxa4 14. Rxa4 a5
15. Bc4 Rb8 16. Ra2 Kh8 17. Nce3 g6 18. h4 Bxh4 19. g3 Bg5 20. f4 exf4 21. gxf4
Bh4+ 22. Kd2 f5 23. exf5 Bxf5 24. Nxf5 Rxf5 25. Qg4 Rh5 26. Kd3 a4 27. Rxa4 Na5
28. f5 Nc6 29. Kc2 Ne5 30. Qe4 Qd7 31. b3 gxf5 32. Qe2 Rh6 33. Bd3 Bg5 34. Rxh6
Bxh6 35. Rh4 Ng4 36. Qf3 Qa7 37. Nb4 Rxb4 38. cxb4 Qa2+ 39. Kc3 Bg7+ 0-1

[Event "World Junior Chess Championship U18 g"]
[Site "Gaziantep"]
[Date "2008.08.05"]
[Round "4.11"]
[White "Mamedjarova, Turkan"]
[Black "Pertlova, Sona"]
[Result "1/2-1/2"]
[WhiteElo "2284"]
[BlackElo "2217"]
[PlyCount "103"]
[EventDate "2008.08.??"]
[EventType "swiss"]
[EventRounds "13"]
[EventCountry "TUR"]

1. d4 Nf6 2. Nf3 e6 3. e3 b6 4. Bd3 Bb7 5. Nbd2 d5 6. Ne5 Be7 7. O-O O-O 8. f4
c5 9. c3 Nbd7 10. Qf3 Ne8 11. Qh3 f5 12. g4 Nd6 13. Ndf3 g6 14. Nxd7 Qxd7 15.
Ne5 Qc7 16. g5 Nf7 17. Nf3 a5 18. Bc2 c4 19. a4 Rfb8 20. Qg3 Bc6 21. h4 b5 22.
axb5 Bxb5 23. h5 Bd7 24. Rf2 Kg7 25. Rh2 a4 26. Bd1 Bc6 27. Qh3 Rh8 28. Bc2 Qd8
29. Qf1 Qd7 30. Qd1 Rhb8 31. Nd2 Rc8 32. e4 fxe4 33. Nf1 a3 34. bxa3 Ba4 35.
Ne3 Bxc2 36. Rxc2 Rcb8 37. Qg4 Rb3 38. a4 Qc6 39. Qh3 Qa6 40. Ng4 Rh8 41. h6+
Kf8 42. Rb2 Rxb2 43. Bxb2 Ke8 44. Ba3 Bxa3 45. Rxa3 Qd6 46. Ne5 Nxe5 47. dxe5
Qxa3 48. Qxe6+ Qe7 49. Qc8+ Qd8 50. Qe6+ Qe7 51. Qc8+ Qd8 52. Qe6+ 1/2-1/2

[Event "World Junior Chess Championship U18 g"]
[Site "Gaziantep"]
[Date "2008.08.05"]
[Round "4.12"]
[White "Yildiz, Betül Cemre"]
[Black "Tsatsalashvili, Keti"]
[Result "1-0"]
[WhiteElo "2236"]
[BlackElo "2271"]
[PlyCount "63"]
[EventDate "2008.08.??"]
[EventType "swiss"]
[EventRounds "13"]
[EventCountry "TUR"]

1. e4 c5 2. Nf3 d6 3. d4 cxd4 4. Nxd4 Nf6 5. f3 e5 6. Nb3 Nc6 7. c4 Be6 8. Be3
Rc8 9. Nc3 a6 10. Rc1 Na5 11. Nd5 Nxd5 12. cxd5 Nxb3 13. Rxc8 Bxc8 14. Qxb3 Be7
15. Bb6 Qd7 16. Bd3 Bh4+ 17. g3 Bg5 18. O-O h5 19. Rf2 h4 20. g4 O-O 21. Rc2
Bd8 22. Bf1 g6 23. Qe3 Kh7 24. Bd3 Qe7 25. Kh1 Bd7 26. Bxd8 Qxd8 27. Qa7 Qf6
28. Be2 Rc8 29. Rxc8 Bxc8 30. Qe3 g5 31. Kg2 Qd8 32. Qc3 1-0

[Event "World Junior Chess Championship U18 g"]
[Site "Gaziantep"]
[Date "2008.08.05"]
[Round "4.13"]
[White "Pourkashiyan, Atousa"]
[Black "Kalashyan, Varduhi"]
[Result "1/2-1/2"]
[WhiteElo "2269"]
[BlackElo "2049"]
[PlyCount "91"]
[EventDate "2008.08.??"]
[EventType "swiss"]
[EventRounds "13"]
[EventCountry "TUR"]

1. e4 c5 2. Nf3 d6 3. d4 cxd4 4. Nxd4 Nf6 5. Nc3 a6 6. Bc4 e6 7. Bb3 Be7 8. O-O
b5 9. Qf3 Qb6 10. Be3 Qb7 11. Qg3 O-O 12. f3 Nbd7 13. a3 Ne5 14. Kh1 Nc4 15.
Bxc4 bxc4 16. Bh6 Ne8 17. f4 Kh8 18. Bg5 f6 19. Bh4 e5 20. fxe5 dxe5 21. Nf3
Nd6 22. Qe1 Be6 23. Rb1 Nb5 24. Nxb5 Qxb5 25. Qc3 Qb7 26. Nd2 Rfd8 27. Bf2 Rac8
28. Rfd1 Bg4 29. Re1 Qc6 30. h3 Bh5 31. Nf1 Rd7 32. Qe3 Rcd8 33. Kh2 Kg8 34.
Ng3 Bg6 35. Re2 Rb7 36. h4 c3 37. b4 a5 38. b5 Rxb5 39. Rxb5 Qxb5 40. Qxc3 Bf7
41. Qc7 Rd7 42. Qc8+ Rd8 43. Qc7 Rd7 44. Qc8+ Rd8 45. Qc7 Rd7 46. Qc8+ 1/2-1/2

[Event "World Junior Chess Championship U18 g"]
[Site "Gaziantep"]
[Date "2008.08.05"]
[Round "4.14"]
[White "Padmini, Rout"]
[Black "Alavi, Hour Homa"]
[Result "1-0"]
[WhiteElo "2257"]
[BlackElo "1723"]
[PlyCount "101"]
[EventDate "2008.08.??"]
[EventType "swiss"]
[EventRounds "13"]
[EventCountry "TUR"]

1. e4 c6 2. d4 d5 3. e5 Bf5 4. Be3 e6 5. Nd2 Nd7 6. Nb3 Qb6 7. f4 Ne7 8. Nf3
Bg6 9. Be2 Nf5 10. Bf2 Be7 11. O-O Qd8 12. Qe1 Nh6 13. Qd2 Ng4 14. Be1 c5 15.
h3 Nh6 16. dxc5 Nxc5 17. Bb5+ Kf8 18. Nxc5 Bxc5+ 19. Bf2 Qb6 20. Bd3 Nf5 21.
Bxf5 Bxf2+ 22. Rxf2 Bxf5 23. c3 h5 24. Kh2 g6 25. Nd4 Be4 26. Re1 Kg7 27. a3
Rac8 28. Qe3 Rc5 29. Qg3 Qc7 30. Kg1 a6 31. f5 exf5 32. Nxf5+ Bxf5 33. Rxf5 h4
34. Qg5 Rc6 35. Rf2 Rh5 36. Qf4 Qe7 37. Qd4 Qc5 38. Qxc5 Rxc5 39. e6 fxe6 40.
Rxe6 Rc7 41. Rff6 Rh6 42. Rd6 a5 43. Rfe6 Rh5 44. Rxg6+ Kh7 45. Rg4 Re7 46. Rd4
Re2 47. Rb6 Re4 48. Rxb7+ Kg6 49. Rb6+ Kf7 50. Rb5 Re1+ 51. Kh2 1-0

[Event "World Junior Chess Championship U18 g"]
[Site "Gaziantep"]
[Date "2008.08.05"]
[Round "4.15"]
[White "Preethi, Rajkumar"]
[Black "Borosova, Zuzana"]
[Result "1/2-1/2"]
[WhiteElo "2183"]
[BlackElo "2254"]
[PlyCount "86"]
[EventDate "2008.08.??"]
[EventType "swiss"]
[EventRounds "13"]
[EventCountry "TUR"]

1. e4 e5 2. Nf3 Nc6 3. d4 exd4 4. Nxd4 Nf6 5. Nc3 Bb4 6. Nxc6 bxc6 7. Bd3 d5 8.
exd5 cxd5 9. O-O O-O 10. Bg5 c6 11. Ne2 h6 12. Bh4 Bd6 13. h3 Be6 14. c3 c5 15.
Bc2 Rb8 16. Rb1 Qe7 17. Re1 Rfd8 18. f4 d4 19. cxd4 cxd4 20. Qd3 g6 21. Qf3 Bb4
22. f5 Bxe1 23. Rxe1 Bd5 24. Qg3 Qd6 25. fxg6 Qxg3 26. Nxg3 Re8 27. gxf7+ Bxf7
28. Rd1 Rxb2 29. Ba4 Rf8 30. Nf5 Bd5 31. Ne7+ Kf7 32. Bxf6 Kxf6 33. Nxd5+ Ke5
34. Ne7 Rff2 35. Ng6+ Kd5 36. Bb3+ Ke4 37. Nh4 d3 38. Bg8 Rfd2 39. Re1+ Re2 40.
Rd1 Rbd2 41. Rf1 Rb2 42. Rd1 Rbd2 43. Rf1 Rb2 1/2-1/2

[Event "World Junior Chess Championship U18 g"]
[Site "Gaziantep"]
[Date "2008.08.05"]
[Round "4.16"]
[White "Nemcova, Katerina"]
[Black "Bodnaruk, Anastasia"]
[Result "1-0"]
[WhiteElo "2372"]
[BlackElo "2394"]
[PlyCount "85"]
[EventDate "2008.08.??"]
[EventType "swiss"]
[EventRounds "13"]
[EventCountry "TUR"]

1. e4 c5 2. Nf3 d6 3. d4 cxd4 4. Nxd4 Nf6 5. Nc3 a6 6. Be3 e5 7. Nb3 Be6 8. f3
Nbd7 9. g4 h6 10. Qd2 b5 11. Nd5 Bxd5 12. exd5 Nb6 13. Bxb6 Qxb6 14. O-O-O Be7
15. h4 a5 16. Kb1 a4 17. Nc1 Qc5 18. a3 e4 19. Bg2 Rc8 20. c3 Rc7 21. Rh2 Qc4
22. Bf1 Qc5 23. Be2 e3 24. Qd3 Rb7 25. Na2 Nd7 26. f4 Rg8 27. g5 Rh8 28. Rhh1
Nf8 29. Nb4 Nd7 30. Nc6 Nb8 31. Nb4 Kf8 32. Nc2 Nd7 33. Nxe3 Qc7 34. Nf5 Nc5
35. Qd4 Rh7 36. gxh6 g6 37. Ng3 Nb3 38. Qe3 Bf6 39. h5 Qd8 40. hxg6 fxg6 41.
Bd3 Qe7 42. Qf3 Qe8 43. Ne4 1-0

[Event "World Junior Chess Championship U18 g"]
[Site "Gaziantep"]
[Date "2008.08.05"]
[Round "4.17"]
[White "Klimets, Elena"]
[Black "Daulyte, Deimante"]
[Result "0-1"]
[WhiteElo "2150"]
[BlackElo "2288"]
[PlyCount "54"]
[EventDate "2008.08.??"]
[EventType "swiss"]
[EventRounds "13"]
[EventCountry "TUR"]

1. d4 Nf6 2. Nf3 g6 3. Nc3 d5 4. Bf4 Bg7 5. e3 c6 6. Be2 Bg4 7. h3 Bxf3 8. Bxf3
Nbd7 9. Qd2 O-O 10. g4 b5 11. h4 Ne8 12. e4 e5 13. dxe5 Nxe5 14. Be2 b4 15. Nd1
Nd6 16. exd5 Ndc4 17. Qxb4 Qxd5 18. Rh3 Qg2 19. Bf1 Qe4+ 20. Ne3 Rab8 21. Qa4
Qxf4 22. Bxc4 Rxb2 23. Bb3 Nd3+ 24. Ke2 Qxa4 25. Bxa4 Nf4+ 26. Kf3 Nxh3 27. Rh1
Rb4 0-1

[Event "World Junior Chess Championship U18 g"]
[Site "Gaziantep"]
[Date "2008.08.05"]
[Round "4.18"]
[White "Paikidze, Nazi"]
[Black "Kazimova, Narmin"]
[Result "0-1"]
[WhiteElo "2277"]
[BlackElo "2148"]
[PlyCount "96"]
[EventDate "2008.08.??"]
[EventType "swiss"]
[EventRounds "13"]
[EventCountry "TUR"]

1. e4 c5 2. Nf3 d6 3. d4 cxd4 4. Nxd4 Nf6 5. Nc3 a6 6. Bg5 e6 7. f4 Qb6 8. Qd3
Nc6 9. Bxf6 gxf6 10. Nb3 Bd7 11. Be2 Rg8 12. Qf3 Nd4 13. Nxd4 Qxd4 14. Bd3
O-O-O 15. O-O-O Qb6 16. Be2 Kb8 17. Kb1 Rc8 18. f5 Qb4 19. g4 Be7 20. Qe3 Rc7
21. Qd4 Qc5 22. Bf3 Rgc8 23. Qxc5 dxc5 24. Rhe1 Bf8 25. h4 Bh6 26. e5 exf5 27.
gxf5 fxe5 28. f6 Be6 29. Rxe5 Bf4 30. Re4 Bh6 31. Re2 Rg8 32. Bd5 Rd7 33. a3
Rgd8 34. Re5 Bf4 35. Re4 Bc7 36. Rg1 Bxd5 37. Nxd5 Rxd5 38. Rg7 Re5 39. Reg4 h5
40. R4g5 Rxg5 41. hxg5 Bf4 42. g6 fxg6 43. f7 Bh6 44. Rxg6 Bf8 45. Rg8 Kc7 46.
Rh8 Kd7 47. Rxh5 Ke6 48. Rh7 Rd7 0-1